Paisajes ancestrales del fin del mundo: bitácora gráfica de 15 viajes al sur de Tierra del Fuego.
Saved in:
| Hovedforfatter: | |
|---|---|
| Format: | Ukendt |
| Sprog: | engelsk |
| Udgivet: |
Concepción, Región del Bío Bío:
Stoq,
2021.
|
| Udgivelse: | Primera edición. |
| Fag: | |
| Tags: |
Tilføj Tag
Ingen Tags, Vær først til at tagge denne postø!
|
MARC
| LEADER | 00000 a2200000 4500 | ||
|---|---|---|---|
| 003 | CL-VaPUC | ||
| 005 | 20230519084321.0 | ||
| 008 | 230511t2021 ||||| |||| 00| 0 eng d | ||
| 999 | |c 440685 |d 440683 | ||
| 020 | |a 978-956-9741-07-4 | ||
| 040 | |c Pontificia Universidad Católica de Valparaíso | ||
| 082 | |2 22 |a 779.94368364 BAE 2021 | ||
| 100 | |a Baeriswyl Rada, Sergio |9 824724 |e autor | ||
| 245 | |a Paisajes ancestrales del fin del mundo: |b bitácora gráfica de 15 viajes al sur de Tierra del Fuego. | ||
| 246 | |a Laylòt 'arwen ny kewt hewchen: |b kartarre-sh watente ny kaáken-kesmarèy péwenet ny wowk karwkèynka'. | ||
| 246 | |a Ancestral landscapes of the end of the world: |b graphic notebook of journeys to the south of Tierra del Fuego. | ||
| 250 | |a Primera edición. |b [Edición trilingüe: español, selk'nam, inglés]. | ||
| 260 | |a Concepción, Región del Bío Bío: |b Stoq, |c 2021. | ||
| 300 | |a 155 páginas. | ||
| 583 | |k GC |c 20230511 | ||
| 600 | 0 | |9 824724 |a Baeriswyl Rada, Sergio |e Arquitecto y Doctor en Urbanismo |x Fotografías |z Región de Magallanes, Chile | |
| 650 | 0 | |9 327778 |a Fotografía de paisajes |x Lagunas y cumbres |z Tierra del Fuego |z Región de Magallanes, Chile | |
| 650 | 0 | |9 409908 |a Pueblo Selknam (Selk'nam) |x Territorio ancestral |v Fotografías |z Tierra del Fuego |z Región de Magallanes, Chile | |
| 942 | |2 ddc |c BK | ||
| 952 | |0 0 |1 0 |2 ddc |4 0 |6 779_943683640000000_BAE_2021 |7 0 |8 A |9 589962 |a BIBARQ |b BIBARQ |c GEN |d 2023-05-10 |e 180 |g 31000.00 |i 5657379 |l 2 |m 1 |o 779.94368364 BAE 2021 |p 5657379 |r 2025-01-20 |s 2024-07-11 |t 1 |v 31000.00 |w 2023-05-10 |y BK |k ARQ | ||